000 00576nam a2200217Ia 4500
003 OSt
005 20230612162831.0
008 210423s2003 xx 000 0 und d
020 _a978-0-19-566913-8
040 _cAL
041 _aeng
082 _a891.4627
_223
_bTENC
100 _aTENDULKAR (Vijay)
_981001
245 _aCollected plays in translation
260 _aNew Delhi
_bOxford University Press
_c2003
300 _axxxix,598
_bPB
365 _b695
_cINR
650 _aIndic Literature
_981002
906 _aCollected ; plays ; translation
942 _2ddc
_cBK
999 _c168960
_d168960